Chansons avec le même titre - Statistiques

Statistiques générales
  • Ce quiz a été pris 148 fois
  • Le résultat moyen est 26 sur 45
Statistiques - réponses
Question Tuile Select % Correct
Évidemment Soprano Non
89%
Évidemment Daniel Balavoine Non
88%
Évidemment Tayc Non
87%
Bang Bang Celine Dion Non
84%
Comme toi Jean-Jacques Goldman Oui
84%
Évidemment Pierre Garnier Non
84%
Bang Bang France Gall Non
83%
Comme toi Jungeli Non
83%
Mammamia La Zarra Non
83%
Mammamia Clara Luciani Non
82%
Mammamia Indila Non
82%
Comme toi Lenie Non
81%
Mammamia Sheila Non
81%
Comme toi Zazie Non
81%
Mammamia ABBA Oui
80%
Évidemment France Gall Oui
80%
Ego Johnny Hallyday Non
80%
Comme toi Superbus Non
80%
Mammamia Soprano Non
78%
Comme toi Jul Non
76%
Ego Anitta Non
74%
Bang Bang Carla Non
74%
Bang Bang Soprano Non
74%
Mammamia Laura Pausini Non
73%
Bang Bang MIKA Non
65%
Ego Jean-Louis Aubert Non
64%
Ego Willy William Oui
59%
Évidemment Kendji Girac Oui
55%
Bang Bang Jessie J Oui
53%
Évidemment La Zarra Oui
38%
Mammamia Mentissa Oui
36%
Bang Bang Nancy Sinatra Oui
36%
Mammamia Måneskin Oui
33%
Bang Bang Sheila Oui
28%
Ego Eddy de Pretto Oui
26%
Évidemment Orelsan Oui
26%
Ego Beyoncé Oui
21%
Ego Damso Oui
21%
Bang Bang Lartiste Oui
20%
Comme toi Clara Luciani Oui
18%
Comme toi Tayc Oui
16%
Ego Indila Oui
15%
Comme toi Pierre Garnier Oui
14%
Ego Halsey Oui
9%
Évidemment Jungeli Oui
5%
Aucun quiz correspondant
Distribution des résultats
% des personnes avec chaque résultat
Percentile par nombre de réponses
Votre historique - résultats
Vous n’avez pas pris ce quiz